Normal view
MARC view
- العقوبات - علم الجريمة - الجرائم
Entry Topical Term
001 - CONTROL NUMBER
- control field: 31353
003 - CONTROL NUMBER IDENTIFIER
- control field: JO-AjAnu
005 - DATE AND TIME OF LATEST TRANSACTION
- control field: 20230606075300.0
008 - FIXED-LENGTH DATA ELEMENTS
- fixed length control field: 230606|| aca||aabn | a|a d
040 ## - CATALOGING SOURCE
- Original cataloging agency: JO-AjAnu
- Transcribing agency: JO-AjAnu
150 ## - HEADING--TOPICAL TERM
- Topical term or geographic name entry element: العقوبات - علم الجريمة - الجرائم
670 ## - SOURCE DATA FOUND
- Source citation: Work cat.: (JO-AjAnu)16100: نجم، محمد صبحي, author 31352, اصول علم الاجرام وعلم العقاب : دراسة تحليلية وصفية موجزة